| 000 | 00438nam a2200181Ia 4500 | ||
|---|---|---|---|
| 008 | 230524s9999 xx 000 0 und d | ||
| 020 | _a9788131718858 | ||
| 082 | _bMIE | ||
| 100 |
_aGary L Miessler _942239 |
||
| 245 | 0 | _aInorganic Chemistry | |
| 250 | _a1 | ||
| 260 |
_aNew Delhi _bPearson _c2014 |
||
| 300 | _a"XII,730p;" | ||
| 500 | _aQuantity Number: 1 | ||
| 650 | _aChemistry | ||
| 700 |
_aDonald A.Tarr _942240 |
||
| 942 | _cBK | ||
| 999 |
_c56589 _d56589 |
||